[Event "Titled Tuesday intern op 19th Sep Late"]
[Site "Chess.com INT"]
[Date "2023.09.19"]
[Round "2"]
[White "Michalczak, Thomas"]
[Black "Campos, Maria Jose"]
[Result "1-0"]
[WhiteElo "2200"]
[BlackElo "2206"]
[PlyCount "47"]
[EventDate "2023.09.19"]
[EventType "swiss (blitz)"]
[EventRounds "11"]
[EventCountry "USA"]
[SourceTitle "EXT 2024"]
[Source "ChessBase"]
[SourceDate "2023.10.10"]
[SourceVersion "1"]
[SourceVersionDate "2023.10.10"]
[SourceQuality "1"]

1. e4 c5 2. c3 d5 3. exd5 Qxd5 4. Nf3 Nf6 5. Na3 Qd8 6. Bc4 Nc6 7. 0-0 e6 8. Qe2 Bd6 9. Rd1 0-0 10. d4 cxd4 11. Nb5 Bc5 12. Nbxd4 Nxd4 13. Nxd4 Qb6 14. b4 Bxd4 15. Rxd4 a5 16. Bg5 Nd5 17. Rh4 Qc7 18. Qh5 h6 19. Bxh6 gxh6 20. Rg4+ Kh7 21. Bd3+ f5 22. Qg6+ Kh8 23. Qxh6+ Qh7 24. Qxf8+ 1-0

[Event "Titled Tuesday intern op 19th Sep Late"]
[Site "Chess.com INT"]
[Date "2023.09.19"]
[Round "1"]
[White "Novikova, Margarita"]
[Black "Michalczak, Thomas"]
[Result "1-0"]
[WhiteElo "1995"]
[BlackElo "2200"]
[PlyCount "131"]
[EventDate "2023.09.19"]
[EventType "swiss (blitz)"]
[EventRounds "11"]
[EventCountry "USA"]
[SourceTitle "EXT 2024"]
[Source "ChessBase"]
[SourceDate "2023.10.10"]
[SourceVersion "1"]
[SourceVersionDate "2023.10.10"]
[SourceQuality "1"]

1. d4 Nf6 2. Bf4 d5 3. Nd2 c5 4. e3 Nc6 5. c3 Bf5 6. Qb3 Qd7 7. Ngf3 c4 8. Qa4 e6 9. h3 h6 10. b3 cxb3 11. axb3 Bd6 12. Bxd6 Qxd6 13. Bb5 0-0 14. 0-0 Rfc8 15. Rfc1 a6 16. Be2 b5 17. Qa3 Qxa3 18. Rxa3 b4 19. Rxa6 bxc3 20. Rxa8 Rxa8 21. Rxc3 Nb4 22. g4 Be4 23. Ne5 Ra1+ 24. Kh2 Rh1+ 25. Kg3 Rg1+ 26. Kh2 Rg2+ 27. Kh1 Rxf2+ 28. Nxe4 Nxe4 29. Rc8+ Kh7 30. Bd3 Nxd3 31. Nxd3 Rd2 32. Ne5 f6 33. Nf3 Re2 34. b4 Rxe3 35. Kg2 Re2+ 36. Kg1 Rb2 37. Rb8 Nc3 38. Ne1 Ne2+ 39. Kf1 Nxd4 40. Nd3 Rb3 41. Nc5 Rb1+ 42. Kg2 Nc6 43. Rc8 Nxb4 44. Nxe6 Rb2+ 45. Kg3 Kg6 46. Nf8+ Kf7 47. Nd7 Rc2 48. Rb8 Nd3 49. Rb7 Ke6 50. Nf8+ Ke5 51. Rxg7 Ne1 52. Ng6+ Ke4 53. Re7+ Kd3 54. Rxe1 d4 55. Nf4+ Kc3 56. Rd1 Ra2 57. Rd3+ Kc4 58. Rd1 Ra3+ 59. Kh4 d3 60. Rxd3 Rxd3 61. Nxd3 Kxd3 62. Kh5 Ke4 63. Kxh6 Kf4 64. Kg6 Kg3 65. Kxf6 Kxh3 66. g5 1-0

[Event "Titled Tuesday intern op 12th Sep Late"]
[Site "Chess.com INT"]
[Date "2023.09.12"]
[Round "8"]
[White "Bolourchifard, Farzad"]
[Black "Michalczak, Thomas"]
[Result "1/2-1/2"]
[WhiteElo "2292"]
[BlackElo "2200"]
[PlyCount "99"]
[EventDate "2023.09.12"]
[EventType "swiss (blitz)"]
[EventRounds "11"]
[EventCountry "USA"]
[SourceTitle "EXT 2024"]
[Source "ChessBase"]
[SourceDate "2023.10.10"]
[SourceVersion "1"]
[SourceVersionDate "2023.10.10"]
[SourceQuality "1"]

1. d4 Nf6 2. Nf3 d5 3. c4 e6 4. Nc3 Nbd7 5. Bg5 c6 6. e3 Qa5 7. Qc2 Bb4 8. Nd2 0-0 9. Be2 e5 10. dxe5 Ne4 11. Ndxe4 dxe4 12. 0-0 Bxc3 13. bxc3 Nxe5 14. Qxe4 Re8 15. Qh4 Ng6 16. Qg3 Qxc3 17. h4 Qe5 18. Qxe5 Nxe5 19. Bf4 f6 20. Rfd1 Be6 21. c5 Rad8 22. a4 Kf7 23. Kf1 Bc4 24. Bxe5 Bxe2+ 25. Kxe2 Rxd1 26. Rxd1 Rxe5 27. Rd7+ Re7 28. Rxe7+ Kxe7 29. a5 Ke6 30. e4 f5 31. Ke3 Ke5 32. f4+ Ke6 33. Kd4 g6 34. g3 h5 35. e5 Ke7 36. Kc3 Ke6 37. Kc4 Ke7 38. a6 bxa6 39. Kb4 Ke6 40. Ka5 Kd5 41. Kxa6 Kxc5 42. Kxa7 Kd5 43. Kb6 c5 44. e6 Kxe6 45. Kxc5 Ke7 46. Kc6 Ke6 47. Kc5 Ke7 48. Kc6 Ke6 49. Kc7 Ke7 50. Kc6 1/2-1/2

[Event "Titled Tuesday intern op 05th Sep Late"]
[Site "Chess.com INT"]
[Date "2023.09.05"]
[Round "3"]
[White "Indjic, Aleksandar"]
[Black "Michalczak, Thomas"]
[Result "1-0"]
[WhiteElo "2606"]
[BlackElo "2200"]
[PlyCount "125"]
[EventDate "2023.09.05"]
[EventType "swiss (blitz)"]
[EventRounds "11"]
[EventCountry "USA"]
[SourceTitle "EXT 2024"]
[Source "ChessBase"]
[SourceDate "2023.10.10"]
[SourceVersion "1"]
[SourceVersionDate "2023.10.10"]
[SourceQuality "1"]

1. e4 e5 2. Nf3 Nc6 3. Nc3 Nf6 4. Bb5 Nd4 5. 0-0 Bc5 6. Bd3 d6 7. Nxd4 Bxd4 8. Ne2 Bb6 9. c3 0-0 10. Bc2 c6 11. d4 Qc7 12. Kh1 h6 13. f4 Nd7 14. Ng3 exd4 15. cxd4 c5 16. d5 Nf6 17. f5 c4 18. Bf4 Re8 19. Qd2 Kh7 20. h3 Bd7 21. a4 a6 22. Rf3 Bc5 23. a5 b5 24. axb6 Qxb6 25. Ra2 Bd4 26. Ne2 Be5 27. Be3 Qc7 28. Nd4 Reb8 29. Bf2 a5 30. Rc3 Rb4 31. Nf3 Bxc3 32. bxc3 Rb3 33. Bd4 a4 34. g4 Rab8 35. g5 Nh5 36. e5 Ng3+ 37. Kg2 Nxf5 38. gxh6 gxh6 39. Nh4 Rg8+ 40. Kf2 Qc8 41. Qf4 Rg5 42. exd6 Kg8 43. Nxf5 Bxf5 44. Qe5 Kh7 45. Qf6 Rb7 46. d7 Qxd7 47. Qh8+ Kg6 48. Qg7+ Kh5 49. Bd1+ Bg4 50. hxg4+ Rxg4 51. Qxg4+ Qxg4 52. Bxg4+ Kxg4 53. Rxa4 Rb2+ 54. Ke3 h5 55. Rxc4 h4 56. Bf6+ Kf5 57. Bxh4 f6 58. d6 Ke6 59. Rd4 Rb7 60. d7 Rxd7 61. Rxd7 Kxd7 62. Bxf6 Kc6 63. Bd4 1-0

[Event "Titled Tuesday intern op 05th Sep Late"]
[Site "Chess.com INT"]
[Date "2023.09.05"]
[Round "11"]
[White "Mesquita, Eduardo Barbosa"]
[Black "Michalczak, Thomas"]
[Result "0-1"]
[WhiteElo "2008"]
[BlackElo "2200"]
[PlyCount "42"]
[EventDate "2023.09.05"]
[EventType "swiss (blitz)"]
[EventRounds "11"]
[EventCountry "USA"]
[SourceTitle "EXT 2024"]
[Source "ChessBase"]
[SourceDate "2023.10.10"]
[SourceVersion "1"]
[SourceVersionDate "2023.10.10"]
[SourceQuality "1"]

1. e4 e5 2. f4 exf4 3. Nf3 g5 4. Bc4 Bg7 5. d4 d6 6. Nc3 Nc6 7. h3 h6 8. b4 Nxb4 9. Rb1 Nc6 10. 0-0 Nf6 11. Qe2 Qe7 12. e5 dxe5 13. dxe5 Nh5 14. Nd5 Qc5+ 15. Be3 fxe3 16. Rb5 Ng3 17. Qd3 e2+ 18. Rf2 Nxe5 19. Rxc5 Nxd3 20. Nxc7+ Kf8 21. Bxd3 Bg4 0-1

[Event "Titled Tuesday intern op 05th Sep Late"]
[Site "Chess.com INT"]
[Date "2023.09.05"]
[Round "9"]
[White "Michalczak, Thomas"]
[Black "Duarte Miceli, Leonardo"]
[Result "0-1"]
[WhiteElo "2200"]
[BlackElo "2299"]
[PlyCount "62"]
[EventDate "2023.09.05"]
[EventType "swiss (blitz)"]
[EventRounds "11"]
[EventCountry "USA"]
[SourceTitle "EXT 2024"]
[Source "ChessBase"]
[SourceDate "2023.10.10"]
[SourceVersion "1"]
[SourceVersionDate "2023.10.10"]
[SourceQuality "1"]

1. e4 e5 2. Nf3 Nc6 3. Bb5 a6 4. Ba4 Nf6 5. 0-0 b5 6. Bb3 Bc5 7. c3 d6 8. a4 Rb8 9. axb5 axb5 10. d4 Bb6 11. Na3 0-0 12. Nxb5 Bg4 13. Bc2 Bxf3 14. gxf3 Nh5 15. Kh1 Qh4 16. Be3 Ne7 17. Rg1 Ng6 18. Rg4 Qh3 19. Bd3 Nhf4 20. Bf1 Qh5 21. dxe5 dxe5 22. Bxb6 Rxb6 23. b4 Ne7 24. Qd7 Rh6 25. h4 Neg6 26. Qf5 Nxh4 27. Qxh5 Rxh5 28. Kh2 Nxf3+ 29. Kg3 Nd2 30. Bg2 Nxe4+ 31. Bxe4 Rh3# 0-1

[Event "Titled Tuesday intern op 05th Sep Late"]
[Site "Chess.com INT"]
[Date "2023.09.05"]
[Round "6"]
[White "Michalczak, Thomas"]
[Black "Korol, Dimitry"]
[Result "1-0"]
[WhiteElo "2200"]
[BlackElo "2287"]
[PlyCount "33"]
[EventDate "2023.09.05"]
[EventType "swiss (blitz)"]
[EventRounds "11"]
[EventCountry "USA"]
[SourceTitle "EXT 2024"]
[Source "ChessBase"]
[SourceDate "2023.10.10"]
[SourceVersion "1"]
[SourceVersionDate "2023.10.10"]
[SourceQuality "1"]

1. e4 c5 2. c3 d5 3. exd5 Qxd5 4. Nf3 Nc6 5. Na3 Nf6 6. Bc4 Qd8 7. 0-0 e6 8. Qe2 Be7 9. Rd1 0-0 10. d4 cxd4 11. Nb5 a6 12. Nbxd4 Nxd4 13. Rxd4 Qe8 14. Ne5 b5 15. Bd3 Bb7 16. Bd2 Rd8 17. Rh4 1-0

[Event "Titled Tuesday intern op 05th Sep Late"]
[Site "Chess.com INT"]
[Date "2023.09.05"]
[Round "10"]
[White "Michalczak, Thomas"]
[Black "Novikova, Galina"]
[Result "0-1"]
[WhiteElo "2200"]
[BlackElo "2073"]
[PlyCount "82"]
[EventDate "2023.09.05"]
[EventType "swiss (blitz)"]
[EventRounds "11"]
[EventCountry "USA"]
[SourceTitle "EXT 2024"]
[Source "ChessBase"]
[SourceDate "2023.10.10"]
[SourceVersion "1"]
[SourceVersionDate "2023.10.10"]
[SourceQuality "1"]

1. e4 e6 2. d4 d5 3. Nc3 Bb4 4. e5 c5 5. a3 Bxc3+ 6. bxc3 Ne7 7. Qg4 Kf8 8. Bd2 Qa5 9. a4 Nbc6 10. Nh3 Qc7 11. Bd3 Nf5 12. Qf4 cxd4 13. Bxf5 dxc3 14. Bxc3 exf5 15. 0-0 Be6 16. Bb4+ Nxb4 17. Qxb4+ Kg8 18. Rfe1 h6 19. Nf4 Kh7 20. Rab1 Rab8 21. a5 Rhc8 22. Re2 Qc4 23. Qd2 b5 24. Rb4 Qc7 25. Rd4 Rd8 26. h4 Rbc8 27. Qe3 Qc3 28. Rd3 Qxa5 29. Qg3 Qb4 30. Nh5 Qg4 31. Nf4 Qxg3 32. Rxg3 a5 33. Nh5 Rg8 34. f4 b4 35. Rd2 a4 36. Rgd3 a3 37. Rb3 Rc4 38. g3 Ra8 39. c3 a2 40. Rxa2 Rxa2 41. cxb4 Rc1# 0-1

[Event "Titled Tuesday intern op 05th Sep Late"]
[Site "Chess.com INT"]
[Date "2023.09.05"]
[Round "7"]
[White "Michalczak, Thomas"]
[Black "Principe, Gerson"]
[Result "1/2-1/2"]
[WhiteElo "2200"]
[BlackElo "2213"]
[PlyCount "106"]
[EventDate "2023.09.05"]
[EventType "swiss (blitz)"]
[EventRounds "11"]
[EventCountry "USA"]
[SourceTitle "EXT 2024"]
[Source "ChessBase"]
[SourceDate "2023.10.10"]
[SourceVersion "1"]
[SourceVersionDate "2023.10.10"]
[SourceQuality "1"]

1. e4 c5 2. c3 Nf6 3. e5 Nd5 4. Nf3 e6 5. d4 cxd4 6. cxd4 d6 7. Bc4 Nb6 8. Bb3 d5 9. 0-0 Be7 10. Nc3 Bd7 11. Re1 a6 12. Bc2 Nc6 13. a3 Nc4 14. b3 Nb6 15. Qd3 h6 16. g3 Rc8 17. Bd2 Na7 18. a4 Nc6 19. Ne2 Nb4 20. Bxb4 Bxb4 21. Rec1 a5 22. h4 Qe7 23. Nf4 Rc3 24. Qe2 0-0 25. Nh5 Rfc8 26. Nh2 Qf8 27. Ng4 Ba3 28. Nxh6+ gxh6 29. Rxa3 Qxa3 30. Qg4+ Kf8 31. Qg7+ Ke8 32. Re1 Kd8 33. Bh7 Qe7 34. Nf6 Kc7 35. Bg8 Rf8 36. Qxh6 Kb8 37. Qg7 Rcc8 38. h5 Rxg8 39. Nxg8 Qf8 40. Qxf8 Rxf8 41. Nf6 Rh8 42. g4 Be8 43. g5 Nd7 44. h6 Nf8 45. Kg2 Ng6 46. Kg3 Bc6 47. f4 Kc7 48. Rc1 Kd8 49. Kg4 Ke7 50. Nh5 Kd7 51. Nf6+ Ke7 52. Nh5 Rb8 53. Nf6 Rh8 1/2-1/2

[Event "Titled Tuesday intern op 29th Aug Late"]
[Site "Chess.com INT"]
[Date "2023.08.29"]
[Round "10"]
[White "Michalczak, Thomas"]
[Black "Ghasi, Ameet K"]
[Result "0-1"]
[WhiteElo "2200"]
[BlackElo "2506"]
[PlyCount "138"]
[EventDate "2023.08.29"]
[EventType "swiss (blitz)"]
[EventRounds "11"]
[EventCountry "USA"]
[SourceTitle "EXT 2024"]
[Source "ChessBase"]
[SourceDate "2023.10.10"]
[SourceVersion "1"]
[SourceVersionDate "2023.10.10"]
[SourceQuality "1"]

1. e4 g6 2. d4 Bg7 3. Nc3 d6 4. Be3 a6 5. h4 h6 6. Qd2 b5 7. a3 Bb7 8. f3 Nd7 9. g4 c5 10. d5 Ne5 11. b3 Nf6 12. Bg2 h5 13. g5 Nfd7 14. Rd1 Qc7 15. Nge2 0-0 16. 0-0 b4 17. axb4 cxb4 18. Na4 a5 19. f4 Bxd5 20. exd5 Ng4 21. Bd4 Rac8 22. Bxg7 Kxg7 23. Nd4 Nc5 24. Nb2 Qa7 25. Kh1 e5 26. dxe6 fxe6 27. Nc4 d5 28. Ne5 Qc7 29. Nd3 Rce8 30. Nxc5 Qxc5 31. Rfe1 Qd6 32. Rf1 e5 33. fxe5 Qxe5 34. Bf3 Ne3 35. Qh2 Rf4 36. Rde1 Ref8 37. Nc6 Qc3 38. Ne7 Nxf1 39. Rxf1 Rxf3 40. Rxf3 Qxf3+ 41. Qg2 Qxg2+ 42. Kxg2 Rd8 43. Nc6 Rc8 44. Nd4 Rc3 45. Kf2 Kf7 46. Ke2 Rh3 47. Nf3 Ke6 48. Kf2 Kf5 49. Kg2 Rxf3 50. Kxf3 d4 51. Ke2 Ke4 52. Kd2 Ke5 53. Kd3 Kd5 54. Kd2 Ke4 55. Ke2 Kf4 56. Kd3 Kg4 57. Kxd4 Kxh4 58. Kc5 Kxg5 59. Kb5 h4 60. Kxa5 h3 61. Kxb4 h2 62. c4 h1Q 63. c5 Qe1+ 64. Kb5 Qe8+ 65. c6 Kf6 66. Kb6 Ke6 67. c7 Kd7 68. Kb7 Qc8+ 69. Kb6 Qxc7+ 0-1

[Event "Titled Tuesday intern op 29th Aug Late"]
[Site "Chess.com INT"]
[Date "2023.08.29"]
[Round "3"]
[White "Michalczak, Thomas"]
[Black "Pakhomova, Ekaterina"]
[Result "1/2-1/2"]
[WhiteElo "2200"]
[BlackElo "2030"]
[PlyCount "113"]
[EventDate "2023.08.29"]
[EventType "swiss (blitz)"]
[EventRounds "11"]
[EventCountry "USA"]
[SourceTitle "EXT 2024"]
[Source "ChessBase"]
[SourceDate "2023.10.10"]
[SourceVersion "1"]
[SourceVersionDate "2023.10.10"]
[SourceQuality "1"]

1. e4 c5 2. c3 d5 3. exd5 Qxd5 4. Nf3 Nf6 5. Na3 e6 6. Bc4 Qd8 7. 0-0 Nc6 8. Qe2 Be7 9. Rd1 0-0 10. d4 cxd4 11. Nb5 a6 12. Nbxd4 Qc7 13. Nxc6 Qxc6 14. Ne5 Qc5 15. b4 Qc7 16. Bf4 b5 17. Ng6 Qxc4 18. Nxe7+ Kh8 19. Qf3 Ra7 20. Nc6 Bb7 21. Rd6 Ne8 22. Rad1 Nxd6 23. Rxd6 Raa8 24. Na5 Bxf3 25. Nxc4 Bd5 26. Nb6 Rad8 27. Nd7 Rfe8 28. Ne5 Rxd6 29. Nxf7+ Kg8 30. Nxd6 Rf8 31. Be5 Bxa2 32. f4 Bd5 33. Kf2 g5 34. g3 gxf4 35. gxf4 h6 36. Ke3 Kh7 37. Kd4 Rg8 38. f5 Rg2 39. Kc5 Re2 40. Kd4 Bf3 41. f6 Bd5 42. f7 Rf2 43. Kc5 Kg6 44. Kb6 Rxf7 45. Nxf7 Kxf7 46. Kxa6 Bc4 47. Kb6 Kg6 48. Kc5 Kf5 49. Kd6 h5 50. Bg3 Kg4 51. Be5 h4 52. Kc5 h3 53. Kd6 Kf5 54. Bg3 Kg4 55. Be5 Kf5 56. Bg3 Kg4 57. Be5 1/2-1/2

[Event "Titled Tuesday intern op 22nd Aug Late"]
[Site "Chess.com INT"]
[Date "2023.08.22"]
[Round "4"]
[White "Michalczak, Thomas"]
[Black "Bullen, Alex"]
[Result "0-1"]
[WhiteElo "2200"]
[BlackElo "2128"]
[PlyCount "56"]
[EventDate "2023.08.22"]
[EventType "swiss (blitz)"]
[EventRounds "11"]
[EventCountry "USA"]
[SourceTitle "EXT 2024"]
[Source "ChessBase"]
[SourceDate "2023.10.10"]
[SourceVersion "1"]
[SourceVersionDate "2023.10.10"]
[SourceQuality "1"]

1. e4 c6 2. d4 d5 3. Nc3 dxe4 4. Nxe4 Bf5 5. Ng3 Bg6 6. h4 h6 7. Nf3 Nd7 8. h5 Bh7 9. Bd3 Bxd3 10. Qxd3 e6 11. Bf4 Bb4+ 12. c3 Be7 13. c4 Ngf6 14. 0-0-0 b5 15. Kb1 bxc4 16. Qxc4 Nd5 17. Bd2 0-0 18. Qxc6 Rc8 19. Qa4 N7b6 20. Qb3 Rb8 21. Ne4 Nd7 22. Qd3 Qb6 23. Bc1 Nb4 24. Qb3 Qc6 25. Rhe1 Nd5 26. Qc2 Qa6 27. Ka1 Rfc8 28. Qd3 Rxc1+ 0-1

[Event "Titled Tuesday intern op 22nd Aug Late"]
[Site "Chess.com INT"]
[Date "2023.08.22"]
[Round "3"]
[White "Michalczak, Thomas"]
[Black "Kushko, Dmitriy"]
[Result "0-1"]
[WhiteElo "2200"]
[BlackElo "2426"]
[PlyCount "86"]
[EventDate "2023.08.22"]
[EventType "swiss (blitz)"]
[EventRounds "11"]
[EventCountry "USA"]
[SourceTitle "EXT 2024"]
[Source "ChessBase"]
[SourceDate "2023.10.10"]
[SourceVersion "1"]
[SourceVersionDate "2023.10.10"]
[SourceQuality "1"]

1. e4 g6 2. d4 Bg7 3. Nc3 d6 4. Be3 a6 5. h4 h6 6. Qd2 b5 7. a3 Bb7 8. f3 Nd7 9. g4 e6 10. Nge2 Ne7 11. Ng3 c5 12. Nce2 Nc6 13. c3 Na5 14. Rd1 Nc4 15. Qc1 Nxe3 16. Qxe3 Qc7 17. Bg2 Nb6 18. b3 a5 19. 0-0 a4 20. b4 Nc4 21. Qc1 0-0-0 22. f4 Kb8 23. e5 Bxg2 24. Kxg2 cxb4 25. cxb4 g5 26. fxg5 dxe5 27. Nh5 Qb7+ 28. Kh2 hxg5 29. Nxg7 Rxh4+ 30. Kg3 f5 31. Qxg5 Rxg4+ 32. Qxg4 fxg4 33. Nxe6 Rh8 34. d5 Ne3 35. Rh1 Rxh1 36. Rxh1 Qxd5 37. Rh8+ Ka7 38. Rh7+ Kb6 39. N2f4 exf4+ 40. Nxf4 Qf3+ 41. Kh4 Qh1+ 42. Kg3 Qxh7 43. Nd5+ Nxd5 0-1

[Event "Titled Tuesday intern op 22nd Aug Late"]
[Site "Chess.com INT"]
[Date "2023.08.22"]
[Round "11"]
[White "Michalczak, Thomas"]
[Black "Pinheiro, Iung Alicio"]
[Result "1-0"]
[WhiteElo "2200"]
[BlackElo "2306"]
[PlyCount "125"]
[EventDate "2023.08.22"]
[EventType "swiss (blitz)"]
[EventRounds "11"]
[EventCountry "USA"]
[SourceTitle "EXT 2024"]
[Source "ChessBase"]
[SourceDate "2023.10.10"]
[SourceVersion "1"]
[SourceVersionDate "2023.10.10"]
[SourceQuality "1"]

1. e4 e5 2. Nf3 Nc6 3. Bb5 a6 4. Ba4 d6 5. 0-0 Bd7 6. c4 Nge7 7. Nc3 Ng6 8. d3 Be7 9. Re1 0-0 10. Nd5 Kh8 11. h3 f5 12. Bxc6 bxc6 13. Nxe7 Qxe7 14. Bg5 Qf7 15. Bd2 h6 16. b3 fxe4 17. dxe4 Bxh3 18. gxh3 Qxf3 19. Qxf3 Rxf3 20. Re3 Rf7 21. f3 c5 22. Rf1 a5 23. Rd3 Nf8 24. f4 exf4 25. Bxf4 Ne6 26. Be3 Rxf1+ 27. Kxf1 a4 28. e5 axb3 29. axb3 Ra6 30. exd6 cxd6 31. Kg2 Kg8 32. Kf3 Kf7 33. Ke4 Ke7 34. Kd5 Kd7 35. Ke4 Kc6 36. Kf5 Nf8 37. Bf4 Kd7 38. Be3 Ke7 39. Bf4 Ne6 40. Re3 g6+ 41. Kxg6 Kd7 42. Bxh6 Nd4 43. Bg7 Ne6 44. Bf6 Ra2 45. h4 Rg2+ 46. Kf5 Rf2+ 47. Kg6 Rg2+ 48. Kf5 Rf2+ 49. Kg6 Nf4+ 50. Kh6 Ne6 51. Bg5 Rf5 52. Kg6 Rf2 53. Rh3 Rg2 54. Kf5 Nd4+ 55. Ke4 Rg1 56. Be3 Rg4+ 57. Kd3 Nxb3 58. h5 d5 59. cxd5 c4+ 60. Kc3 Na5 61. h6 Rg8 62. h7 Rh8 63. Bd4 1-0

[Event "Titled Tuesday intern op 22nd Aug Late"]
[Site "Chess.com INT"]
[Date "2023.08.22"]
[Round "5"]
[White "Vaglio Munoz, Jaime"]
[Black "Michalczak, Thomas"]
[Result "0-1"]
[WhiteElo "2174"]
[BlackElo "2200"]
[PlyCount "142"]
[EventDate "2023.08.22"]
[EventType "swiss (blitz)"]
[EventRounds "11"]
[EventCountry "USA"]
[SourceTitle "EXT 2024"]
[Source "ChessBase"]
[SourceDate "2023.10.10"]
[SourceVersion "1"]
[SourceVersionDate "2023.10.10"]
[SourceQuality "1"]

1. Nf3 d5 2. c4 d4 3. b4 g5 4. Bb2 Bg7 5. d3 g4 6. Nfd2 e5 7. g3 h5 8. Bg2 a5 9. b5 Nd7 10. Ba3 Ne7 11. h3 Nf6 12. h4 Rb8 13. Qc2 b6 14. c5 Be6 15. c6 Bd5 16. 0-0 Bxg2 17. Kxg2 Qd5+ 18. Kh2 Qxb5 19. Bxe7 Kxe7 20. Na3 Qd5 21. Rab1 Rhe8 22. Nb5 Kd8 23. a4 Re6 24. Rfc1 Bh6 25. Kg1 Ne8 26. Ne4 Bxc1 27. Rxc1 f5 28. Ng5 Re7 29. Qc4 Qxc4 30. Rxc4 Ng7 31. e3 dxe3 32. fxe3 Ne6 33. Nxe6+ Rxe6 34. d4 Rc8 35. d5 Rf6 36. Kf2 Ke7 37. Ke2 f4 38. exf4 exf4 39. gxf4 Rf5 40. Re4+ Kf6 41. Nc3 Kf7 42. Ke3 Re8 43. Rxe8 Kxe8 44. Ke4 Rf7 45. f5 g3 46. Ne2 g2 47. Ng1 Ke7 48. Ke5 Rf6 49. Nf3 Rh6 50. Ng1 Kf7 51. Nf3 Rd6 52. Ng5+ Ke7 53. Nf3 Kf8 54. Ng1 Rd8 55. f6 Re8+ 56. Kf5 Re1 57. Nf3 g1Q 58. Ng5 Rf1+ 59. Kg6 Qg4 60. d6 Qf5+ 61. Kxh5 cxd6 62. c7 Qc8 63. Kg6 Qf5+ 64. Kh5 Rg1 65. c8Q+ Qxc8 66. Kg6 Qe8+ 67. f7 Qe6+ 68. Kh5 Qf5 69. Kh6 Qg4 70. h5 Qxg5+ 71. Kh7 Qg7# 0-1

[Event "Titled Tuesday intern op 15th Aug Late"]
[Site "Chess.com INT"]
[Date "2023.08.15"]
[Round "4"]
[White "Fernandez Bustamante, Leancy B"]
[Black "Michalczak, Thomas"]
[Result "0-1"]
[WhiteElo "2059"]
[BlackElo "2200"]
[PlyCount "94"]
[EventDate "2023.08.15"]
[EventType "swiss (blitz)"]
[EventRounds "11"]
[EventCountry "USA"]
[SourceTitle "EXT 2024"]
[Source "ChessBase"]
[SourceDate "2023.10.10"]
[SourceVersion "1"]
[SourceVersionDate "2023.10.10"]
[SourceQuality "1"]

1. e4 e5 2. Nf3 Nc6 3. Nc3 Nf6 4. Bb5 Nd4 5. Bc4 Bc5 6. 0-0 0-0 7. h3 c6 8. d3 d5 9. exd5 cxd5 10. Bb3 Nxb3 11. axb3 e4 12. dxe4 dxe4 13. Ng5 Bf5 14. Ra4 Re8 15. Qe2 Qe7 16. Re1 e3 17. f4 h6 18. Nf3 a6 19. Ne5 b5 20. Ra5 Qc7 21. Ra1 Rxe5 22. fxe5 Qxe5 23. Bxe3 Bd6 24. Kf1 Nh5 25. Bf2 Ng3+ 26. Bxg3 Qxg3 27. Qf2 Qh2 28. Qxf5 Bg3 29. Qe4 Rd8 30. Rad1 Rc8 31. Re3 b4 32. Qg4 Qh1+ 33. Ke2 Qxg2+ 34. Kd3 Rd8+ 35. Kc4 Qc6+ 36. Kxb4 Bd6+ 37. Rxd6 Qxd6+ 38. Ka4 Qc6+ 39. Ka3 Qc5+ 40. b4 Qxe3 41. Qc4 Qxh3 42. b3 Rc8 43. Qxa6 Qxc3 44. Ka4 Qxc2 45. Kb5 Qd3+ 46. Ka5 Qxa6+ 47. Kxa6 Rc3 0-1

[Event "Titled Tuesday intern op 15th Aug Late"]
[Site "Chess.com INT"]
[Date "2023.08.15"]
[Round "9"]
[White "Michalczak, Thomas"]
[Black "Fiorito, Joaquin"]
[Result "1-0"]
[WhiteElo "2200"]
[BlackElo "2409"]
[PlyCount "25"]
[EventDate "2023.08.15"]
[EventType "swiss (blitz)"]
[EventRounds "11"]
[EventCountry "USA"]
[SourceTitle "EXT 2024"]
[Source "ChessBase"]
[SourceDate "2023.10.10"]
[SourceVersion "1"]
[SourceVersionDate "2023.10.10"]
[SourceQuality "1"]

1. e4 c5 2. c3 e5 3. Nf3 Nc6 4. Bc4 Nf6 5. Ng5 d5 6. exd5 Nxd5 7. Qh5 g6 8. Qf3 Qxg5 9. Bxd5 Nd8 10. 0-0 Bd6 11. d4 Qg4 12. Qf6 0-0 13. Bh6 1-0

[Event "Titled Tuesday intern op 15th Aug Late"]
[Site "Chess.com INT"]
[Date "2023.08.15"]
[Round "5"]
[White "Michalczak, Thomas"]
[Black "Parligras, Mircea Emilian"]
[Result "0-1"]
[WhiteElo "2200"]
[BlackElo "2556"]
[PlyCount "96"]
[EventDate "2023.08.15"]
[EventType "swiss (blitz)"]
[EventRounds "11"]
[EventCountry "USA"]
[SourceTitle "EXT 2024"]
[Source "ChessBase"]
[SourceDate "2023.10.10"]
[SourceVersion "1"]
[SourceVersionDate "2023.10.10"]
[SourceQuality "1"]

1. e4 c5 2. c3 d5 3. exd5 Qxd5 4. Nf3 Nf6 5. Na3 Qd8 6. Bc4 e6 7. 0-0 Nc6 8. Qe2 Be7 9. Rd1 a6 10. d4 cxd4 11. Nc2 b5 12. Bb3 Bb7 13. Ncxd4 Nxd4 14. Rxd4 Qb6 15. Ne5 0-0 16. Bg5 Rad8 17. Rad1 Rxd4 18. Rxd4 h6 19. Bxf6 Bxf6 20. Nd7 Qc6 21. Nxf6+ gxf6 22. Qg4+ Kh7 23. Bc2+ f5 24. Qh3 Rg8 25. Rg4 Rxg4 26. Qxg4 b4 27. c4 a5 28. b3 Qd6 29. h4 Qe5 30. Qd1 Kg7 31. Bd3 Bc6 32. Be2 Qf4 33. h5 e5 34. Bf3 e4 35. Qd4+ Kh7 36. Qf6 Be8 37. Be2 Qd2 38. Bf1 Qd7 39. g3 Qe6 40. Qd4 f4 41. gxf4 Bc6 42. Bg2 Qg4 43. Kf1 e3 44. Be4+ Bxe4 45. Qxe4+ Kg7 46. fxe3 Qh3+ 47. Ke2 Qxh5+ 48. Kd3 Qd1# 0-1

[Event "Titled Tuesday intern op 08th Aug Late"]
[Site "Chess.com INT"]
[Date "2023.08.08"]
[Round "2"]
[White "Michalczak, Thomas"]
[Black "Weisz, Bryan"]
[Result "1-0"]
[WhiteElo "2200"]
[BlackElo "1981"]
[PlyCount "39"]
[EventDate "2023.08.08"]
[EventType "swiss (blitz)"]
[EventRounds "11"]
[EventCountry "USA"]
[SourceTitle "EXT 2024"]
[Source "ChessBase"]
[SourceDate "2023.10.10"]
[SourceVersion "1"]
[SourceVersionDate "2023.10.10"]
[SourceQuality "1"]

1. e4 c5 2. c3 e6 3. d4 Qb6 4. d5 exd5 5. exd5 d6 6. c4 Be7 7. Nc3 Nf6 8. Nf3 0-0 9. Bd3 Bg4 10. h3 Bh5 11. 0-0 Nbd7 12. g4 Bg6 13. Bxg6 hxg6 14. Re1 Rfe8 15. Qc2 Bf8 16. Bf4 Qb4 17. Nb5 Nxd5 18. Bd2 Nc3 19. Qxc3 Qxc3 20. Bxc3 1-0